|
|
|
|
| LEADER |
00000nam2a2200000 4500 |
| 001 |
367097 |
| 005 |
20231102011940.0 |
| 035 |
|
|
|a (RuTPU)RU\TPU\retro\24460
|
| 035 |
|
|
|a RU\TPU\retro\24457
|
| 090 |
|
|
|a 367097
|
| 100 |
|
|
|a 20220301d1962 k y0rusy50 ca
|
| 101 |
0 |
|
|a rus
|
| 102 |
|
|
|a RU
|
| 105 |
|
|
|a a z 001zy
|
| 200 |
0 |
|
|a Т. 18 : Горючие газы
|
| 210 |
|
|
|d 1962
|
| 215 |
|
|
|a 263 с.
|c ил.
|
| 320 |
|
|
|a Библиография в конце статей
|
| 461 |
|
1 |
|0 (RuTPU)RU\TPU\book\252879
|t Труды института горючих ископаемых
|f Академия наук СССР (АН СССР) ; под ред. А. Б. Чернышева , Н. Г. Титова
|v Т. 18 : Горючие газы
|d 1950-1978
|
| 606 |
1 |
|
|a Горючие ископаемые
|x Испытание
|2 stltpush
|3 (RuTPU)RU\TPU\subj\8322
|9 35764
|
| 606 |
1 |
|
|a Каменный уголь как топливо
|2 stltpush
|3 (RuTPU)RU\TPU\subj\33122
|9 55454
|
| 610 |
1 |
|
|a газы
|
| 610 |
1 |
|
|a топохимические реакции
|
| 610 |
1 |
|
|a радиографическое изучение
|
| 610 |
1 |
|
|a термическое разложение
|
| 610 |
1 |
|
|a углерод
|
| 610 |
1 |
|
|a окислы
|
| 610 |
1 |
|
|a кинетика взаимодействия
|
| 610 |
1 |
|
|a органические соединения
|
| 610 |
1 |
|
|a синтез
|
| 610 |
1 |
|
|a окислительный пиролиз
|
| 610 |
1 |
|
|a жидкие топлива
|
| 610 |
1 |
|
|a газообразование
|
| 610 |
1 |
|
|a двигатели внутреннего сгорания
|
| 610 |
1 |
|
|a волокнистый углерод
|
| 610 |
1 |
|
|a теплоиспользование
|
| 610 |
1 |
|
|a планирование
|
| 610 |
1 |
|
|a экономика
|
| 610 |
1 |
|
|a линейное программирование
|
| 610 |
1 |
|
|a производство
|
| 610 |
1 |
|
|a этилен
|
| 610 |
1 |
|
|a полипропилен
|
| 610 |
1 |
|
|a природный газ
|
| 610 |
1 |
|
|a газопроводы
|
| 610 |
1 |
|
|a сепарация
|
| 610 |
1 |
|
|a акустический метод
|
| 610 |
1 |
|
|a хроматографический анализ
|
| 675 |
|
|
|a 553.9
|v 3
|
| 675 |
|
|
|a 662.66
|v 3
|
| 801 |
|
1 |
|a RU
|b 63413507
|c 20130206
|
| 801 |
|
2 |
|a RU
|b 63413507
|c 20220301
|g RCR
|
| 942 |
|
|
|c BK
|